00628nam a2200229 a 4500001001300000003000900013005001700022008004100039020001000080082001500090100001800105245003300123260003700156300000800193500003500201650001600236700001800252902000800270942000700278952009600285999001700381nice12345678IN_TiNIC20260116014319.0070626s0000 bana grd 000 0 eng  ac25000a332.2bMAT aMathur, Ratna aA Valley Refuses to Die (CD) aBangalore bVisual Search c0000 a00p aincludes index and biblioraphy aEnvironment1 aMathur, Ratna bSRS cND 00104070aHMIbHMId2011-06-10g250.00l0o332.2 MATp022073r2011-06-10w2026-01-16yVM c14774d14774